Les Polítiques locals de civisme a Espanya / Carolina Galais González
ISBN:
978-84-9803-363-2
Publicado:
Barcelona :
Diputació de Barcelona. Àrea de Presidència. Direcció d'Estudis i Prospectiva. Centre per a la Innovació Local : Diputació de Barcelona. Àrea d'Igualtat i Ciutadania ,
2010
Descripción Física:
184 p. : il. ; 24 cm
Colección:
Estudis. Igualtat i Ciutadania ; 6
MARC
| LEADER | 00000nam a2200000Ia 4500 | ||
|---|---|---|---|
| 001 | 23081 | ||
| 008 | 160829s2010 xx 000 0 cat d | ||
| 020 | |a 978-84-9803-363-2 | ||
| 080 | |a M-6-390 | ||
| 100 | |a Galais González, Carolina |9 39281 | ||
| 245 | |a Les Polítiques locals de civisme a Espanya / Carolina Galais González | ||
| 260 | |a Barcelona : |b Diputació de Barcelona. Àrea de Presidència. Direcció d'Estudis i Prospectiva. Centre per a la Innovació Local : |b Diputació de Barcelona. Àrea d'Igualtat i Ciutadania, |c 2010 | ||
| 300 | |a 184 p. : |b il. ; |c 24 cm | ||
| 490 | |a Estudis. Igualtat i Ciutadania ; 6 | ||
| 590 | |a Bibliografia | ||
| 650 | |a Educació cívica |x Espanya |9 41427 | ||
| 650 | |a Ciutadania |x Espanya |9 41428 | ||
| 650 | |a Civismes |x Espanya |9 41429 | ||
| 710 | |a Barcelona (Catalunya : Província). |b Àrea d'Igualtat i Ciutadania |9 7840 | ||
| 710 | 2 | |a Centre per a la Innovació Local |9 54171 | |
| 901 | |a Arxiu | ||
| 942 | |n 1 | ||
| 952 | |0 0 |1 0 |4 0 |6 M6390 |7 1 |9 50205 |a Arxiu |b Arxiu |d 2016-12-01 |l 0 |o M-6-390 |p 23081 |r 2016-12-01 00:00:00 |w 2016-12-01 |y ARXIU | ||
| 999 | |c 54047 |d 54047 | ||